Begriff und Bedeutung in der Artikelstruktur eines neuen Wörterbuches (Französisch-Ungarisch)
Elmentve itt :
| Szerző: | |
|---|---|
| Dokumentumtípus: | Könyv része |
| Megjelent: |
1995
|
| Sorozat: | Acta germanica
5 Studien zur zweisprachigen Lexikographie Deutsch-Ungarisch : Akten des 1. Kolloquiums Szeged-Siegen : Szeged 21-22. Mai 1993 5 |
| Kulcsszavak: | Szótárszerkesztés - szaknyelv |
| Tárgyszavak: | |
| Online Access: | http://acta.bibl.u-szeged.hu/2336 |
| LEADER | 00874naa a2200217 i 4500 | ||
|---|---|---|---|
| 001 | acta2336 | ||
| 005 | 20210922151123.0 | ||
| 008 | 161015s1995 hu o 0|| ger d | ||
| 022 | |a 0238-079X | ||
| 040 | |a SZTE Egyetemi Kiadványok Repozitórium |b hun | ||
| 041 | |a ger | ||
| 100 | 1 | |a Pálfy Miklós | |
| 245 | 1 | 0 | |a Begriff und Bedeutung in der Artikelstruktur eines neuen Wörterbuches (Französisch-Ungarisch) |h [elektronikus dokumentum] / |c Pálfy Miklós |
| 260 | |c 1995 | ||
| 300 | |a 123-127 | ||
| 490 | 0 | |a Acta germanica |v 5 | |
| 490 | 0 | |a Studien zur zweisprachigen Lexikographie Deutsch-Ungarisch : Akten des 1. Kolloquiums Szeged-Siegen : Szeged 21-22. Mai 1993 |v 5 | |
| 650 | 4 | |a Bölcsészettudományok | |
| 650 | 4 | |a Nyelvek és irodalom | |
| 695 | |a Szótárszerkesztés - szaknyelv | ||
| 856 | 4 | 0 | |u http://acta.bibl.u-szeged.hu/2336/1/germanica_005_123-127.pdf |z Dokumentum-elérés |